| 000 | 00710nam a22001577a 4500 | ||
|---|---|---|---|
| 003 | OSt | ||
| 005 | 20150916171101.0 | ||
| 008 | 150916b xxu||||| |||| 00| 0 eng d | ||
| 040 | _cRUA | ||
| 082 | _aAGR YIN 2004 B029 Or.1 | ||
| 100 |
_9621 _aYIN PHANADETH |
||
| 245 | _aIntercropping systems between hevea rows at the researchstation of the rubber rearch institute of cambodia,(ប្រព័ន្ធដំណាំចន្លោះរងកៅស៊ូនៅស្ថានីយ៍ពិសោធន៍នៃសាកលវិទ្យាល័យស្រាវជ្រាវកៅស៊ូកម្ពុជា) | ||
| 260 |
_aphnom penh _bRUA _c2004 |
||
| 300 |
_aix,50p. _cill. _g29cm. |
||
| 942 |
_2ddc _cAGR |
||
| 999 |
_c596 _d596 |
||